000 00919nam0a22002531 4500
001 rc\3990435
005 20250610224232.0
035 _a(NLR Aleph) 007939257
090 _a8268763
_c8268763
100 _a20130415d1955 |||y0rusy50 ca
101 0 _arus
102 _aRU
105 _aa z |||||
200 1 _aРегулировка пантографа
_e(Руководство к лабораторной работе)
_fЛенингр. ордена Ленина ин-т инженеров ж.-д. транспорта им. акад. В.Н. Образцова
210 _aЛенинград
_cБ. и.
_d1955
215 _a13 с.
_cчерт.
_d20
300 _aПеред загл. авт.: инж. А.Я. Ярчук
320 _aБиблиогр.: с. 13
700 1 _aЯрчук
_bА.Я.
801 0 _aRU
_bNLR
_gpsbo
801 1 _aRU
_bELAR
_2rusmarc
852 _aNLR
_jТ88 Г-4/1533
942 _cBOOK
980 _aNB